Score 0/119 Timer 20:00
0 Plays Today
% Correct
Gus Walks into a Bank
79.6%
65 Million Years Off
77.5%
American Duos
75.4%
This Episode Sucks
75.4%
Black and Tan: A Crime of Fashion
74.6%
Tuesday the 17th
74.6%
Poker? I Barely Know Her
73.2%
Bollywood Homicide
73.2%
Lights, Camera... Homicidio
72.5%
Talk Derby to Me
72.5%
Lassie Did a Bad, Bad Thing
72.5%
Cloudy... with a Chance of Improvement
72.5%
Scary Sherry: Bianca's Toast
71.8%
Christmas Joy
71.8%
High Noon-ish
71.1%
The Santabarbarian Candidate
71.1%
There's Something About Mira
70.4%
Extradition: British Columbia
70.4%
Shawn Takes a Shot in the Dark
70.4%
Dual Spires
70.4%
Cloudy... With a Chance of Murder
69.7%
And Down the Stretch Comes Murder
69.7%
We'd Like to Thank the Academy
69.7%
Santabarbaratown 2
69%
From the Earth to Starbucks
68.3%
Dead Bear Walking
68.3%
Psy vs. Psy
67.6%
Cirque Du Soul
67.6%
Dis-Lodged
66.9%
Daredevils!
66.9%
Someone's Got a Woody
66.9%
Santabarbaratown
66.2%
9 Lives
65.5%
The Greatest Adventure in the History of Basic Cable
65.5%
Six Feet Under the Sea
65.5%
Let's Get Hairy
65.5%
Death Is in the Air
65.5%
Not Even Close... Encounters
65.5%
Ferry Tale
65.5%
100 Clues
65.5%
% Correct
No Trout About It
65.5%
Truer Lies
64.8%
Yin 3 in 2D
64.8%
Last Night Gus
64.8%
Indiana Shawn and the Temple of the Kinda Crappy, Rusty Old Dagger
64.8%
Shawn vs. The Red Phantom
64.1%
Ghosts
64.1%
Any Given Friday Night at 10pm, 9pm Central
64.1%
Mr. Yin Presents
64.1%
Spellingg Bee
63.4%
Weekend Warriors
63.4%
Murder?... Anyone?... Anyone?... Bueller?
62.7%
The Devil's in the Details... and in the Upstairs Bedroom
62.7%
Extradition II: The Actual Extradition Part
62.7%
The Amazing Psych-Man & Tap-Man, Issue #2
62.7%
Dead Man's Curveball
62.7%
No Country For Two Old Men
62.7%
Chivalry Is Not Dead... But Someone Is
62%
In for a Penny...
62%
Heeeeere's Lassie
62%
Shawn and Gus Truck Things Up
62%
Earth, Wind and... Wait for It
61.3%
You Can't Handle This Episode
61.3%
Deez Nups
61.3%
Nip and Suck It!
61.3%
Zero to Murder in Sixty Seconds
60.6%
Rob-a-Bye Baby
60.6%
Thrill Seekers and Hell-Raisers
60.6%
Shawn 2.0
60.6%
In Plain Fright
60.6%
Neil Simon's Lover's Retreat
60.6%
Meat Is Murder, But Murder Is Also Murder
59.9%
A Nightmare on State Street
59.9%
A Very Juliet Episode
59.2%
Shawn Rescues Darth Vader
59.2%
The Tao of Gus
59.2%
Right Turn Or Left For Dead
59.2%
The Break Up
59.2%
Shawn (and Gus) of the Dead
58.5%
Shawn and Gus in Drag (Racing)
58.5%
% Correct
Lassie Jerky
57.7%
The Old and the Restless
57%
Feet Don't Kill Me Now
57%
Viagra Falls
57%
He Loves Me, He Loves Me Not, He Loves Me, Oops He's Dead!
54.9%
Bounty Hunters!
54.9%
The Head, the Tail, the Whole Damn Episode
54.9%
Juliet Takes A Luvvah
54.9%
Forget Me Not
54.2%
Shawn Gets the Yips
54.2%
Shawn and the Real Girl
53.5%
Let's Doo-Wop It Again
53.5%
Office Space
53.5%
Pilot
52.8%
Game, Set... Muuurder?
52.8%
If You're So Smart, Then Why Are You Dead?
52.8%
An Evening with Mr. Yang
52.8%
Gus's Dad May Have Killed an Old Guy
52.1%
He Dead
52.1%
There Might Be Blood
51.4%
The Polarizing Express
51.4%
High Top Fade-Out
50.7%
Romeo and Juliet and Juliet
50.7%
Juliet Wears The Pantsuit
50.7%
S.E.I.Z.E. the Day
50.7%
Speak Now or Forever Hold Your Piece
50%
Autopsy Turvy
50%
Shawn Interrupted
49.3%
Dead Air
47.2%
Woman Seeking Dead Husband, Smokers Okay, No Pets
46.5%
One, Maybe Two, Ways Out
46.5%
COG Blocked
46.5%
Think Tank
45.8%
Disco Didn't Die. It Was Murdered!
45.1%
Lock, Stock, Some Smoking Barrels and Burton Guster's Goblet of Fire
45.1%
1967: A Psych Odyssey
45.1%
A Touch of Sweevil
45.1%
Who Ya Gonna Call?
42.3%
True Grits
40.8%
Remove Ads.
Support Sporcle.
Get the best of Sporcle when you Go Orange. This ad-free experience offers more features, more stats, and more fun while also helping to support Sporcle. Thank you for becoming a member.

You're not logged in!

Compare scores with friends on all Sporcle quizzes.
OR
Log In

Show Comments

Extras

Top Quizzes Today


Score Distribution

Your Account Isn't Verified!

In order to create a playlist on Sporcle, you need to verify the email address you used during registration. Go to your Sporcle Settings to finish the process.

Report this User

Report this user for behavior that violates our Community Guidelines.

Details: